| 000 | 00792nam a2200241 u 4500 | ||
|---|---|---|---|
| 005 | 20230223063528.0 | ||
| 008 | 190130s2017 es r 000 0 spa d | ||
| 020 | _a9788490567869 | ||
| 035 | _aUPN01000228726 | ||
| 049 | _aCG | ||
| 050 | 4 |
_aRC523 _bA2.2 2017 |
|
| 100 | 1 |
_aAcarín Tusell, Nolasc, _d1941- _942549 |
|
| 245 | 1 | 0 |
_aAlzheimer : _benvejecimiento y demencia / _cNolasc Acarín, Ana Malagelada ; pról. Vladimir Hachinski. |
| 250 | _a3a ed. | ||
| 260 |
_aBarcelona [Esp.] : _bRBA, _c2017. |
||
| 300 |
_a190 p. : _bil., tablas |
||
| 650 | 4 |
_aALZHEIMER, ENFERMEDAD DE - _xPACIENTES - _xRELACIONES FAMILIARES _911705 |
|
| 650 | 2 |
_aDemencia presenil _913923 |
|
| 650 | 4 |
_aCEREBRO - _xENFERMEDADES _99622 |
|
| 700 | 1 |
_aMalagelada, Ana, _ecoaut. |
|
| 905 | _aLibro | ||
| 999 |
_c200821 _d200821 |
||